[Event "FIDE World Rapid Team"]
[Site "London ENG"]
[Date "2025.06.13"]
[Round "10.6"]
[White "Mamedyarov, Shakhriyar"]
[Black "Martinez Alcantara, Jose Eduardo"]
[Result "1-0"]
[WhiteElo "2701"]
[BlackElo "2665"]
[EventDate "2025.06.11"]
[Board "1"]

1. c4 e6 2. Nf3 d5 3. e3 Nf6 4. b3 a6 5. Bb2 b6 6. cxd5 exd5 7. g3 Bb7 8.
Bg2 Bd6 9. Nd4 g6 10. O-O O-O 11. Nc3 Nbd7 12. Nde2 Re8 13. Nf4 c6 14. d4
Nf8 15. Qc2 Ne6 16. Nd3 Rc8 17. Rad1 Nf8 18. Rfe1 N8d7 19. Nf4 a5 20. h4
Qc7 21. Bf3 Qb8 22. Qb1 Re7 23. Qc1 b5 24. Qc2 Rce8 25. Kg2 Ba6 26. Nce2
Bb7 27. Nd3 b4 28. Nef4 Ne4 29. Rc1 Qd8 30. Rh1 Qb8 31. Rhd1 Qa7 32. Qb1
Qb8 33. Rc2 Qa8 34. Qc1 a4 35. Nc5 a3 36. Ba1 Ndf6 37. Nfd3 Qb8 38. Nxb7
Rxb7 39. Ne5 c5 40. Nc6 Qc7 41. Ne5 Qb8 42. g4 h6 43. Nd3 cxd4 44. Bxd4 Qd8
45. Rc6 Nxg4 46. Rxd6 Qxh4 47. Rxg6+ fxg6 48. Qc6 Qh2+ 49. Kf1 Nd6 50. Bxg4
Rf7 51. Qxd5 Ne4 52. Bf3 Ng5 53. Bg2 Kh7 54. Ne5 Qh5 55. Rc1 Rc8 56. Re1
Re7 57. Nd7 Ne4 58. Qxh5 Nd2+ 59. Ke2 1-0

[Event "FIDE World Rapid Team"]
[Site "London ENG"]
[Date "2025.06.13"]
[Round "10.6"]
[White "Jumabayev, Rinat"]
[Black "Gurel, Ediz"]
[Result "1/2-1/2"]
[WhiteElo "2524"]
[BlackElo "2452"]
[EventDate "2025.06.11"]
[Board "2"]

1. Nf3 Nf6 2. g3 d5 3. Bg2 c6 4. c4 e6 5. O-O Be7 6. d4 O-O 7. Nc3 Nbd7 8.
Qd3 b6 9. Rd1 a5 10. cxd5 Ba6 11. Qc2 cxd5 12. Bf4 Rc8 13. Ne5 b5 14. a3 h6
15. Rdc1 Nxe5 16. Bxe5 Nd7 17. Bf4 b4 18. axb4 Bxb4 19. e4 dxe4 20. Qxe4
Nf6 21. Qe3 Qd7 22. h3 Bb7 23. Bxb7 Qxb7 24. Be5 Nd7 25. Qe4 Qa6 26. d5 Nc5
27. Qg4 f6 28. Bf4 f5 29. Qe2 Qxe2 30. Nxe2 Rcd8 31. Rd1 Nb3 32. Rab1 Rxd5
33. Rxd5 exd5 34. Rd1 Rd8 35. Be3 Be7 36. Rd3 a4 37. Nd4 Nxd4 38. Rxd4 Bf6
39. Rxa4 Bxb2 40. Bd4 Bxd4 41. Rxd4 Kf7 42. Kf1 Ke6 43. Ke2 Ra8 44. Rb4 Ra6
45. h4 g5 46. hxg5 hxg5 47. Ke3 Rc6 48. Rb8 Rc3+ 49. Kd4 Rc4+ 50. Kd3 Ra4
51. Re8+ Kd6 52. Rg8 g4 53. Rd8+ Kc6 54. Rc8+ Kd7 55. Rf8 Ke6 56. Re8+ Kf6
57. Rf8+ Kg6 58. Rd8 Ra3+ 59. Ke2 Ra5 60. Rd6+ Kf7 61. Ke3 Ke7 62. Rb6 Ra4
63. Kd3 Re4 64. Rh6 Re6 65. Rh5 Kf6 66. Rh6+ Ke5 67. Rh8 Re7 68. Rf8 Re6
69. Rh8 Ra6 70. Re8+ Kd6 71. Rd8+ Kc5 72. Rc8+ Kd6 73. Rd8+ Ke6 74. Re8+
Kf6 75. Rf8+ Kg6 76. Rd8 Ra3+ 77. Ke2 Ra5 78. Rd6+ Kf7 79. Ke3 Ke7 80. Rb6
Ra4 81. Kd3 Re4 82. Rh6 Re1 83. Kd4 Re6 84. Rh5 Kf6 85. Kd3 Re4 86. Rh8 Re7
87. Rh6+ Ke5 88. Rh8 Kd6 89. Rd8+ Ke6 90. Rh8 Ra7 91. Re8+ Kf6 92. Rf8+ Ke6
93. Re8+ Kd6 94. Rd8+ Rd7 95. Rf8 Ke5 96. Re8+ Kf6 97. Rf8+ Kg6 98. Kd4 Ra7
99. Rd8 Ra3 100. Rd6+ Kg5 101. Re6 Ra2 102. Ke3 d4+ 103. Kxd4 Rxf2 104. Re8
Rf3 105. Re3 f4 106. Re8 Rxg3 107. Rg8+ Kh6 108. Ke5 f3 109. Kf6 Kh7 110.
Rg7+ Kh6 111. Rg8 Kh7 112. Rg7+ Kh6 1/2-1/2

[Event "FIDE World Rapid Team"]
[Site "London ENG"]
[Date "2025.06.13"]
[Round "10.6"]
[White "Erdogmus, Yagiz Kaan"]
[Black "Tin, Jingyao"]
[Result "0-1"]
[WhiteElo "2384"]
[BlackElo "2485"]
[EventDate "2025.06.11"]
[Board "3"]

1. Nf3 d5 2. b3 Bf5 3. Ba3 Nd7 4. c4 dxc4 5. bxc4 e5 6. Bxf8 Kxf8 7. Nc3
Ngf6 8. d3 h5 9. g3 e4 10. Nd4 Bg6 11. Bg2 exd3 12. Bxb7 Ne5 13. Nf3 Nxf3+
14. Bxf3 Rb8 15. O-O h4 16. Nd5 Nxd5 17. cxd5 hxg3 18. fxg3 Rb2 19. Qc1 Rc2
20. Qa3+ Kg8 21. Qxa7 Qg5 22. Rf2 Rc1+ 23. Rxc1 Qxc1+ 24. Rf1 d2 25. Qd4
Bc2 26. e4 Rh6 27. Qa1 Qa3 28. Kg2 Qe3 29. Qb2 Bd3 30. Rf2 Bxe4 31. Qa1
Rxh2+ 0-1

[Event "FIDE World Rapid Team"]
[Site "London ENG"]
[Date "2025.06.13"]
[Round "10.6"]
[White "Le, Tuan Minh"]
[Black "Salimova, Nurgyul"]
[Result "1-0"]
[WhiteElo "2503"]
[BlackElo "2332"]
[EventDate "2025.06.11"]
[Board "4"]

1. d4 d5 2. c4 c6 3. Nf3 Nf6 4. Qc2 g6 5. cxd5 Bg7 6. Nc3 O-O 7. e4 cxd5 8.
e5 Ne8 9. Be2 Nc6 10. O-O Nc7 11. h3 f6 12. exf6 Bxf6 13. Be3 Bf5 14. Qb3
Rb8 15. Rfe1 Kg7 16. Rad1 Na5 17. Qa3 Nc4 18. Bxc4 dxc4 19. d5 b5 20. Bc5
Re8 21. Ne5 a5 22. Nc6 b4 23. Qxa5 Qc8 24. Bxb4 Ra8 25. Qb6 Ra6 26. Qe3
Nxd5 27. Nxd5 Rxc6 28. Nxf6 Kxf6 29. Bc3+ e5 30. Bxe5+ Kf7 31. Qh6 1-0

[Event "FIDE World Rapid Team"]
[Site "London ENG"]
[Date "2025.06.13"]
[Round "10.6"]
[White "Kuru, Atilla"]
[Black "Gong, Qianyun"]
[Result "0-1"]
[WhiteElo "1972"]
[BlackElo "2220"]
[EventDate "2025.06.11"]
[Board "5"]

1. e4 e6 2. d4 d5 3. Nc3 Bb4 4. e5 c5 5. a3 Bxc3+ 6. bxc3 Nc6 7. h4 Nge7 8.
h5 h6 9. Nf3 Qa5 10. Bd2 c4 11. Nh4 Bd7 12. a4 O-O-O 13. Rh3 g5 14. hxg6
fxg6 15. f4 Rdf8 16. Nf3 Kb8 17. Qc1 Ka8 18. Qa3 Bc8 19. Be2 Nf5 20. g4
Nfe7 21. Kf2 h5 22. Rah1 Rhg8 23. gxh5 gxh5 24. Rxh5 Nf5 25. Rg5 Rh8 26.
Rhg1 a6 27. Ke1 Qb6 28. Bc1 Nfe7 29. Rg7 Nf5 30. R7g4 Bd7 31. Qa1 Qa5 32.
Kf2 Rc8 33. Ba3 Qxa4 34. Qb2 Na7 35. Ng5 Rh2+ 36. R4g2 Rxg2+ 37. Rxg2 Nb5
38. Bb4 Rg8 39. Rg1 Na7 40. Rh1 Qc6 41. Rh7 Nb5 42. Bg4 Bc8 43. Bh5 Qb6 44.
Bc5 Qd8 45. Qb4 Rxg5 46. Be7 Rg2+ 47. Kxg2 Qg8+ 48. Bg5 Qxh7 49. Qf8 Qxh5
50. Qxc8+ Ka7 51. Qc5+ b6 52. Qc6 Qg4+ 53. Kh2 Qg3+ 54. Kh1 Qf3+ 55. Kg1
Qd1+ 56. Kg2 Qxc2+ 57. Kh3 Qxc3+ 58. Kg4 Qf3+ 59. Kxf3 Nbxd4+ 0-1

[Event "FIDE World Rapid Team"]
[Site "London ENG"]
[Date "2025.06.13"]
[Round "10.6"]
[White "Zhang, Changjie"]
[Black "Yontar, Sabrican Onay"]
[Result "0-1"]
[WhiteElo "1676"]
[BlackElo "1870"]
[EventDate "2025.06.11"]
[Board "6"]

1. e4 e5 2. Nc3 Bc5 3. Bc4 Nc6 4. Qg4 Bf8 5. Nge2 d5 6. Qg3 dxc4 7. O-O Nf6
8. d3 cxd3 9. cxd3 Be6 10. f4 exf4 11. Nxf4 Qd7 12. Be3 O-O-O 13. Qf2 Nd4
14. Ncd5 Ng4 15. Qg3 Nxe3 16. Qxe3 Bc5 17. Kh1 Bxd5 18. Nxd5 Ne6 19. Qd2 c6
20. b4 cxd5 21. bxc5 dxe4 22. Qa5 Kb8 23. c6 Qxc6 24. Rxf7 exd3 25. Rb1 Nc7
26. Qd2 Rd7 27. Rf3 Rhd8 28. Rc1 Qe4 29. h3 Qe2 0-1

[Event "FIDE World Rapid Team"]
[Site "London ENG"]
[Date "2025.06.13"]
[Round "10.7"]
[White "Williams, Simon K"]
[Black "Pichot, Alan"]
[Result "0-1"]
[WhiteElo "2497"]
[BlackElo "2564"]
[EventDate "2025.06.11"]
[Board "1"]

1. d4 Nf6 2. c4 e6 3. Nf3 d5 4. Nc3 dxc4 5. e4 b5 6. e5 Nd5 7. Nxb5 Nb6 8.
Be2 Nc6 9. O-O Be7 10. a4 Ba6 11. b3 cxb3 12. Qxb3 O-O 13. Be3 Nd5 14. Bd2
Ncb4 15. Bxb4 Nxb4 16. Bc4 Qd7 17. Rad1 Bb7 18. Qe3 Nd5 19. Qc1 Nb6 20. Be2
Nxa4 21. d5 exd5 22. Nbd4 Nc5 23. Qf4 Kh8 24. h4 Bc8 25. Ng5 f6 26. exf6
Bxf6 27. Qg3 h6 28. Nh3 Ne4 29. Qb3 c5 30. Nc2 Nc3 31. Rd2 Nxe2+ 32. Rxe2
Ba6 33. Ree1 Bxf1 34. Rxf1 Rab8 35. Qd3 c4 36. Qg6 Qe8 37. Qg3 Qe4 38. Ne3
Be5 0-1

[Event "FIDE World Rapid Team"]
[Site "London ENG"]
[Date "2025.06.13"]
[Round "10.7"]
[White "Ibarra Jerez, Jose Carlos"]
[Black "Norwood, David R"]
[Result "1-0"]
[WhiteElo "2541"]
[BlackElo "2494"]
[EventDate "2025.06.11"]
[Board "2"]

1. e4 g6 2. d4 Bg7 3. Nc3 d6 4. Be3 a6 5. Nf3 Nd7 6. Bc4 e6 7. a4 b6 8. h4
h6 9. d5 e5 10. h5 Ndf6 11. hxg6 fxg6 12. Qe2 Ne7 13. Bd2 g5 14. Nh2 Ng6
15. g3 Qe7 16. Nf1 O-O 17. Ne3 Qe8 18. Ra3 Ne7 19. f3 Qg6 20. g4 Nd7 21.
Nf5 Rf7 22. Nd1 a5 23. Bb5 Nc5 24. Be8 Kf8 25. Bxf7 Kxf7 26. Qh2 Ng8 27.
Nde3 Bd7 28. b3 Kf8 29. Ra1 Be8 30. Nxg7 Kxg7 31. Nf5+ Kh7 32. Be3 c6 33.
dxc6 Bxc6 34. Qd2 Nxe4 35. fxe4 Bxe4 36. Rh2 Rc8 37. c4 Bxf5 38. gxf5 Qxf5
39. Rd1 Nf6 40. Rf2 Qe6 41. Qxd6 1-0

[Event "FIDE World Rapid Team"]
[Site "London ENG"]
[Date "2025.06.13"]
[Round "10.7"]
[White "Pert, Richard G"]
[Black "Cuenca Jimenez, Jose Fernando"]
[Result "1-0"]
[WhiteElo "2447"]
[BlackElo "2459"]
[EventDate "2025.06.11"]
[Board "3"]

1. d4 Nf6 2. Bg5 d5 3. e3 c5 4. Bxf6 gxf6 5. dxc5 e6 6. c4 dxc4 7. Nd2 c3
8. bxc3 Bxc5 9. Qg4 Bf8 10. Ngf3 f5 11. Qg3 Qd6 12. Ne5 a6 13. Be2 h5 14.
Ndf3 h4 15. Qf4 Nd7 16. Rd1 Qc5 17. O-O Nxe5 18. Nxe5 Bg7 19. Nc4 O-O 20.
Qxh4 b5 21. Nd6 Qxc3 22. e4 Qb4 23. Bf3 fxe4 24. Nxe4 Qb2 25. Ng5 Re8 26.
Bxa8 Kf8 27. Bc6 1-0

[Event "FIDE World Rapid Team"]
[Site "London ENG"]
[Date "2025.06.13"]
[Round "10.7"]
[White "Camacho Collados, Marcos"]
[Black "Sivanandan, Bodhana"]
[Result "1-0"]
[WhiteElo "2365"]
[BlackElo "2052"]
[EventDate "2025.06.11"]
[Board "4"]

1. d4 d5 2. Nf3 Nf6 3. c3 c6 4. Bg5 Bf5 5. Nbd2 Nbd7 6. Nh4 Bg6 7. Nxg6
hxg6 8. g3 e6 9. Bg2 Bd6 10. e4 dxe4 11. Nxe4 Be7 12. Nxf6+ Nxf6 13. O-O
O-O 14. c4 Qc7 15. Qe2 Rad8 16. Rfd1 Rd7 17. Bf4 Bd6 18. Be3 Rfd8 19. Rab1
c5 20. dxc5 Bxc5 21. Rxd7 Rxd7 22. Bxc5 Qxc5 23. b4 Qd4 24. Bf3 b6 25. a4
Qc3 26. Rb2 Rd4 27. a5 Qxc4 28. a6 Qxe2 29. Bxe2 Nd5 30. b5 Nc3 31. Bf3 Rd3
32. Kg2 Kf8 33. Rb3 e5 34. Be4 Rd4 35. Rxc3 Rxe4 36. Rc7 Rb4 37. Rxa7 Rxb5
38. Rb7 Ke8 39. a7 Ra5 40. Rb8+ Kd7 41. a8=Q Rxa8 42. Rxa8 b5 43. Rf8 f6
44. Kf3 Kc6 45. Ke4 Kc5 46. Rc8+ Kb4 47. Rc7 Ka3 48. Rxg7 b4 49. Rxg6 b3
50. Rxf6 b2 51. Rb6 1-0

[Event "FIDE World Rapid Team"]
[Site "London ENG"]
[Date "2025.06.13"]
[Round "10.7"]
[White "Pert, Max"]
[Black "Khotenashvili, Bella"]
[Result "0-1"]
[WhiteElo "1940"]
[BlackElo "2349"]
[EventDate "2025.06.11"]
[Board "5"]

1. d4 g6 2. e4 c6 3. Nf3 d5 4. Nc3 Bg7 5. h3 Nh6 6. Bd3 O-O 7. O-O f6 8.
Re1 Nf7 9. e5 a5 10. a4 Na6 11. Nh4 fxe5 12. Bxg6 hxg6 13. Nxg6 Bf5 14.
Nxf8 Qxf8 15. dxe5 Nb4 16. Re2 Nxe5 17. f4 Nc4 18. g4 Bh7 19. f5 Qf6 20.
Qe1 Re8 21. Kg2 e5 22. Nd1 e4 23. Rb1 Ne5 24. b3 Nf3 25. Qg3 Qf7 26. Bf4
Nd4 27. Rf2 Nbxc2 28. Ne3 Nxe3+ 29. Qxe3 c5 30. Bd6 b6 31. Rbf1 Nf3 32.
Rxf3 d4 33. Qf4 exf3+ 34. Qxf3 Re3 35. Qa8+ Bf8 36. g5 Re8 37. Qc6 Bxf5 38.
Rxf5 Qxf5 39. Qxe8 Qd5+ 40. Kf1 Qxd6 41. g6 Qf6+ 42. Kg2 Kg7 43. Qd7+ Be7
44. Qb7 Qxg6+ 45. Kf3 Qf6+ 46. Ke4 Kf7 47. Kd3 Qe6 48. Qf3+ Ke8 49. Qa8+
Bd8 50. Kc2 Qxh3 51. Qc6+ Kf8 52. Qd6+ Be7 53. Qb8+ Kf7 54. Qf4+ Bf6 55.
Qc7+ Kg6 56. Qxb6 Qc3+ 57. Kd1 d3 0-1

[Event "FIDE World Rapid Team"]
[Site "London ENG"]
[Date "2025.06.13"]
[Round "10.7"]
[White "Torres, Lucas"]
[Black "Mortazavi, Sami"]
[Result "0-1"]
[WhiteElo "2031"]
[BlackElo "1714"]
[EventDate "2025.06.11"]
[Board "6"]

1. e4 c6 2. d4 d5 3. exd5 cxd5 4. h3 a6 5. Bd3 Nc6 6. c3 Qc7 7. Nf3 Nf6 8.
O-O g6 9. Nbd2 Bg7 10. Re1 Bf5 11. Be2 O-O 12. Nf1 Ne4 13. Ne3 Rfd8 14. Bf1
b5 15. a3 Rab8 16. Bd3 a5 17. Nxd5 Rxd5 18. Bxe4 Bxe4 19. Rxe4 e5 20. Qb3
Rbd8 21. Bg5 R8d7 22. dxe5 Nxe5 23. Nxe5 Bxe5 24. Rae1 Bh2+ 25. Kh1 Rxg5
26. c4 Bd6 27. cxb5 Re7 28. Rxe7 Bxe7 29. b6 Qb7 30. f3 Bc5 31. Re8+ Kg7
32. Qc3+ f6 33. Rc8 Qxc8 34. b4 axb4 35. axb4 Qc6 36. bxc5 Rxc5 37. Qb2
Rc1+ 38. Kh2 Qd6+ 39. g3 Qd1 0-1

[Event "FIDE World Rapid Team"]
[Site "London ENG"]
[Date "2025.06.13"]
[Round "10.8"]
[White "Rapport, Richard"]
[Black "Shirov, Alexei"]
[Result "1-0"]
[WhiteElo "2709"]
[BlackElo "2707"]
[EventDate "2025.06.11"]
[Board "1"]

1. e4 e6 2. d3 d5 3. Nd2 Nf6 4. Ngf3 b5 5. e5 Nfd7 6. d4 b4 7. a3 bxa3 8.
b3 c5 9. Bxa3 cxd4 10. Bxf8 Rxf8 11. Bb5 Qb6 12. Ba4 Ba6 13. Qc1 Bb5 14.
Bxb5 Qxb5 15. Nxd4 Qc5 16. Qb2 Nxe5 17. O-O Nbd7 18. Rfe1 Rc8 19. Re3 Ng4
20. Rg3 h5 21. h3 Ngf6 22. Re1 g6 23. c4 a5 24. Rg5 Nb6 25. Nxe6 fxe6 26.
Rxe6+ Kd7 27. Rxf6 Rxf6 28. Ne4 Qe7 29. Nxf6+ Kc6 30. Rxg6 1-0

[Event "FIDE World Rapid Team"]
[Site "London ENG"]
[Date "2025.06.13"]
[Round "10.8"]
[White "Dudin, Gleb"]
[Black "Grischuk, Alexander"]
[Result "1-0"]
[WhiteElo "2454"]
[BlackElo "2696"]
[EventDate "2025.06.11"]
[Board "2"]

1. d4 d5 2. c4 e6 3. Nf3 Nd7 4. Nc3 Ngf6 5. cxd5 exd5 6. Qc2 c6 7. Bg5 h6
8. Bh4 Be7 9. e3 O-O 10. Bd3 Re8 11. Nd2 Nh5 12. Bxe7 Rxe7 13. O-O-O Nhf6
14. h3 c5 15. g4 cxd4 16. exd4 Nb8 17. Nb3 Nc6 18. a3 a5 19. f4 a4 20. Nc5
Nxd4 21. Qf2 Ne6 22. g5 hxg5 23. fxg5 Nxg5 24. Rhg1 Nxh3 25. Qxf6 Nxg1 26.
Qh4 g6 27. Rxg1 Qd6 28. Rh1 Qe5 29. Nxd5 1-0

[Event "FIDE World Rapid Team"]
[Site "London ENG"]
[Date "2025.06.13"]
[Round "10.8"]
[White "Esipenko, Andrey"]
[Black "Shabalov, Alexander"]
[Result "1-0"]
[WhiteElo "2651"]
[BlackElo "2526"]
[EventDate "2025.06.11"]
[Board "3"]

1. d4 d5 2. Nf3 Nf6 3. g3 e6 4. Bg2 b6 5. c4 Bb7 6. cxd5 exd5 7. O-O Bd6 8.
Nc3 c6 9. Nh4 O-O 10. Nf5 Bc7 11. Bg5 h6 12. Bh4 Bc8 13. Nxh6+ Kh7 14. Qc1
gxh6 15. e4 dxe4 16. Nxe4 1-0

[Event "FIDE World Rapid Team"]
[Site "London ENG"]
[Date "2025.06.13"]
[Round "10.8"]
[White "Mesropov, Konstantin"]
[Black "Sadvakasov, Darmen"]
[Result "0-1"]
[WhiteElo "2473"]
[BlackElo "2587"]
[EventDate "2025.06.11"]
[Board "4"]

1. c4 Nf6 2. Nc3 e5 3. g3 Bb4 4. Bg2 O-O 5. e4 Bxc3 6. bxc3 c6 7. Ne2 d5 8.
cxd5 cxd5 9. exd5 Nxd5 10. O-O Nc6 11. h3 Be6 12. d4 exd4 13. cxd4 Qd7 14.
Kh2 Rfd8 15. Bg5 f6 16. Bd2 Rac8 17. a3 Nde7 18. Nf4 Bc4 19. Re1 Nxd4 20.
Bb4 Nec6 21. Rc1 Bf7 22. Re3 Ne5 23. Rxc8 Qxc8 24. Rc3 Qf5 25. Kh1 g5 26.
Ne2 Ndc6 27. Qc2 Qxf2 28. Bc5 Qe1+ 29. Ng1 Rd2 30. Qc1 Rd1 31. Qc2 Rd2 32.
Qc1 Qxc1 33. Rxc1 Nd3 34. Rc3 Nxc5 35. Rxc5 Rd3 36. Rb5 Rxa3 37. Rxb7 Ne5
38. g4 a5 39. Ra7 a4 40. Ne2 Ra1+ 41. Kh2 a3 42. Nd4 Bc4 43. Nf5 a2 44.
Ra8+ Kf7 45. Ra7+ Ke8 46. Ra8+ Kd7 47. Ra7+ Kd8 48. Ra8+ Kc7 49. Ra7+ Kb6
50. Rb7+ Kc5 51. Rc7+ Kb4 52. Rb7+ Kc3 53. Nd6 Rb1 0-1

[Event "FIDE World Rapid Team"]
[Site "London ENG"]
[Date "2025.06.13"]
[Round "10.8"]
[White "Kamalidenova, Meruert"]
[Black "Zatonskih, Anna"]
[Result "1-0"]
[WhiteElo "2380"]
[BlackElo "2255"]
[EventDate "2025.06.11"]
[Board "5"]

1. e4 e6 2. d4 d5 3. Nc3 Be7 4. Bd3 Nc6 5. Nf3 Nb4 6. Be2 dxe4 7. Nxe4 Nf6
8. Nxf6+ Bxf6 9. c3 Nd5 10. O-O O-O 11. Qc2 b6 12. Rd1 Bb7 13. c4 Ne7 14.
Bf4 Ng6 15. Be3 Qe7 16. Rab1 Rfd8 17. b4 Nh4 18. Nxh4 Bxh4 19. a4 a5 20.
bxa5 Rxa5 21. c5 Bg5 22. f4 Bf6 23. cxb6 cxb6 24. Rxb6 Bd5 25. Rb5 Raa8 26.
a5 g5 27. fxg5 Bxg5 28. Bxg5 Qxg5 29. Bf3 Qe3+ 30. Qf2 Qxf2+ 31. Kxf2 Bxf3
32. Kxf3 Ra6 33. d5 Kf8 34. Ke4 Rd7 35. Rd4 exd5+ 36. Rdxd5 Rc7 37. Rb6
Raa7 38. a6 Ke7 39. g4 Rc2 40. Rdb5 Ra2 41. Rb7+ 1-0

[Event "FIDE World Rapid Team"]
[Site "London ENG"]
[Date "2025.06.13"]
[Round "10.8"]
[White "Volkov, Leonid"]
[Black "Aiten, Islam"]
[Result "1/2-1/2"]
[WhiteElo "1833"]
[BlackElo "2037"]
[EventDate "2025.06.11"]
[Board "6"]

1. e4 e5 2. Nf3 Nc6 3. Bc4 Nf6 4. Ng5 d5 5. exd5 Na5 6. Bb5+ c6 7. dxc6
bxc6 8. Be2 h6 9. Nf3 e4 10. Ne5 Qd5 11. Ng4 Bd6 12. Nc3 Qe6 13. Nxf6+ gxf6
14. d3 Rg8 15. Nxe4 Bc7 16. Bd2 f5 17. Ng3 f4 18. Ne4 f5 19. Bxa5 Bxa5+ 20.
Nc3 Rxg2 21. Kf1 Rg7 22. Bh5+ Kd8 23. Qf3 Re7 24. Qxf4 Bb7 25. Rg1 Bc7 26.
Qd4+ Qd6 27. Qxd6+ Bxd6 28. Rg6 Bxh2 29. Rxh6 Kc7 30. Bf3 Be5 31. Re1 Rae8
32. Bh5 Bxc3 33. Rxe7+ Rxe7 34. bxc3 Re5 35. Rf6 Rc5 36. Ke1 Rxc3 37. Kd2
Rc5 38. Bg6 Bc8 39. f4 Ra5 40. Bf7 Bd7 41. Bc4 Ra3 42. Kc1 Ra4 43. Kb2 Rb4+
44. Kc3 Rb1 45. Kd4 Rf1 46. Ke3 Re1+ 47. Kf2 Rh1 48. Bb3 Rh4 49. Kg3 Rg4+
50. Kf3 Rg1 51. a4 Re1 52. Kf2 Re7 53. Rf7 Re8 54. Kf3 Re1 55. Rf6 Re7 56.
Kg3 Rg7+ 57. Kh4 Rg4+ 58. Kh5 1/2-1/2

[Event "FIDE World Rapid Team"]
[Site "London ENG"]
[Date "2025.06.13"]
[Round "10.49"]
[White "Ghasi, Ameet K"]
[Black "Mcshane, Luke J"]
[Result "0-1"]
[WhiteElo "2483"]
[BlackElo "2702"]
[EventDate "2025.06.11"]

1. Nf3 Nf6 2. g3 b5 3. e3 a6 4. b3 Bb7 5. c4 b4 6. d4 e6 7. Bg2 c5 8. Bb2
a5 9. a4 cxd4 10. exd4 d5 11. c5 Ba6 12. Nbd2 Be7 13. Bf1 Bxf1 14. Kxf1 O-O
15. Qc2 Nc6 16. Kg2 Rc8 17. h4 Ng4 18. Ng5 g6 19. Ndf3 Bf6 20. Rae1 Re8 21.
Qd2 h5 22. Re2 Ne7 23. Rhe1 Nf5 24. Qd3 Rc6 25. Bc1 Qc8 26. Bf4 Bg7 27. Qd2
Ra6 28. Qd3 Rc6 29. Nh3 Qa6 30. Qd1 Rcc8 31. Nhg5 Rc6 32. Rd2 Rcc8 33. Nh2
Nxh2 34. Kxh2 Re7 35. g4 hxg4 36. Qxg4 Bxd4 37. Rxd4 Nxd4 38. Be5 Nf5 39.
h5 Qd3 40. Kg2 Nh6 41. Qh4 Qf5 42. Bd6 Rd7 43. Kf1 Re8 44. hxg6 Qxg6 45.
Nf3 f6 46. Nd4 Rg7 47. Qh3 e5 48. Nb5 Ng4 49. c6 Qc2 50. Qh4 Qxc6 51. Qh5
d4 52. Nxd4 Nh2+ 53. Qxh2 exd4 54. Rxe8+ Qxe8 55. Qh4 Qe6 56. Bc5 d3 57.
Be3 Qxb3 0-1

[Event "FIDE World Rapid Team"]
[Site "London ENG"]
[Date "2025.06.13"]
[Round "10.50"]
[White "Vitiugov, Nikita"]
[Black "Roberson, Peter T"]
[Result "1-0"]
[WhiteElo "2590"]
[BlackElo "2372"]
[EventDate "2025.06.11"]

1. Nf3 d5 2. b3 Bf5 3. Bb2 e6 4. g3 Nf6 5. Bg2 h6 6. O-O Be7 7. d3 O-O 8.
Nbd2 Bh7 9. Qe1 a5 10. a3 c5 11. a4 Nc6 12. Ne5 Nxe5 13. Bxe5 Nd7 14. Bb2
Bf6 15. Bxf6 Qxf6 16. c4 Rfe8 17. Rc1 Rad8 18. Qd1 Qe5 19. Re1 b6 20. cxd5
exd5 21. e4 dxe4 22. dxe4 Qc7 23. Qe2 Ne5 24. Rc3 Nc6 25. Nc4 Nd4 26. Qb2
Bf5 27. Rce3 Be6 28. h3 Re7 29. Qc3 Red7 30. Kh2 Nc6 31. e5 Nb4 32. Nd6 Nd5
33. Bxd5 Bxd5 34. Qd3 Ba8 35. Qc4 Qc6 36. f3 Re7 37. R1e2 Re6 38. g4 Qc7
39. Kg2 Qe7 40. Qf4 Bc6 41. h4 f6 42. Nf5 Qc7 43. Kg3 fxe5 44. Rxe5 Rxe5
45. Rxe5 Rd7 46. g5 hxg5 47. hxg5 Rf7 48. g6 Rf6 49. Re8+ Bxe8 50. Qxc7
Rxf5 51. Qxb6 Rg5+ 52. Kf2 Rxg6 53. Qxa5 Bf7 54. Qb5 Rf6 55. a5 Bd5 56.
Qe8+ Rf8 57. Qe3 Rb8 58. Qxc5 Bxb3 59. a6 Re8 60. Qb5 Bf7 61. a7 Rf8 62.
Qc6 Be8 63. Qc5 1-0

[Event "FIDE World Rapid Team"]
[Site "London ENG"]
[Date "2025.06.13"]
[Round "10.51"]
[White "Rendle, Thomas E"]
[Black "Adams, Michael"]
[Result "1/2-1/2"]
[WhiteElo "2412"]
[BlackElo "2628"]
[EventDate "2025.06.11"]

1. d4 Nf6 2. c4 e6 3. g3 d5 4. Bg2 dxc4 5. Nf3 a6 6. O-O Nc6 7. Nbd2 b5 8.
b3 c3 9. Nb1 b4 10. a3 Rb8 11. axb4 Bxb4 12. Qd3 e5 13. Nxc3 Nxd4 14. Nxd4
Qxd4 15. Qxd4 exd4 16. Nd5 Nxd5 17. Bxd5 Ke7 18. Bf4 Bd6 19. Bxd6+ cxd6 20.
Rfd1 Rb4 1/2-1/2

[Event "FIDE World Rapid Team"]
[Site "London ENG"]
[Date "2025.06.13"]
[Round "10.52"]
[White "Saric, Ivan"]
[Black "Purton, Ben J"]
[Result "0-1"]
[WhiteElo "2597"]
[BlackElo "2185"]
[EventDate "2025.06.11"]

1. e4 d6 2. d4 Nf6 3. Nc3 c6 4. f4 Qa5 5. e5 Ne4 6. Qf3 d5 7. Bd3 g6 8. Ne2
h5 9. O-O Nxc3 10. bxc3 Bg4 11. Qe3 e6 12. Bd2 Qc7 13. c4 dxc4 14. Bxc4 Nd7
15. Rab1 Nb6 16. Bd3 Bf5 17. Nc3 Rd8 18. Ne4 Be7 19. c4 Qd7 20. Bc3 c5 21.
d5 exd5 22. Nd6+ Kf8 23. Nxf5 d4 24. e6 Qc7 25. Qe4 dxc3 26. Nxe7 Qxe7 27.
f5 g5 28. Qe5 f6 29. Qxc3 Rd4 30. Be2 Kg7 31. Rbd1 Rhd8 32. Bxh5 Nxc4 33.
Be2 Ne5 34. Rde1 b6 35. Bb5 R8d5 36. Qg3 c4 37. a4 Nd3 38. Re3 Nf4 39. Qg4
Rd3 40. Re4 Qc5+ 41. Kh1 Rxf5 42. e7 Nh3 43. e8=N+ Kf8 0-1

[Event "FIDE World Rapid Team"]
[Site "London ENG"]
[Date "2025.06.13"]
[Round "10.53"]
[White "Hryshchenko, Kamila"]
[Black "Bulmaga, Irina"]
[Result "0-1"]
[WhiteElo "2054"]
[BlackElo "2372"]
[EventDate "2025.06.11"]

1. e4 e5 2. Nc3 Nf6 3. f4 d5 4. fxe5 Nxe4 5. Qf3 Nxc3 6. bxc3 c5 7. Qg3 Nc6
8. Nf3 h6 9. Bb5 Be6 10. O-O Qc7 11. Kh1 g5 12. d4 c4 13. a4 O-O-O 14. Bxc6
Qxc6 15. Ba3 Bxa3 16. Rxa3 Qb6 17. Ra2 Qa5 18. Nd2 h5 19. Rb1 Rd7 20. Rb5
Qd8 21. a5 h4 22. Qe3 g4 23. Nf1 Rh5 24. Ra1 f6 25. Rc5+ Rc7 26. exf6 Qxf6
27. Re1 Bd7 28. Rxc7+ Kxc7 29. Nd2 Rf5 30. Kg1 h3 31. g3 Qg5 32. Qxg5 Rxg5
33. Nf1 Kc6 34. Re7 Kd6 35. Re1 Rf5 36. Ne3 Rf3 37. Nd1 Bf5 38. Re2 Be6 39.
Re1 Bd7 40. Re5 Bf5 41. Ne3 Be4 42. Nxc4+ dxc4 43. Rxe4 Rxc3 44. Rxg4 Rxc2
45. Rf4 Rg2+ 46. Kh1 c3 47. Rf1 c2 48. g4 Rd2 0-1

[Event "FIDE World Rapid Team"]
[Site "London ENG"]
[Date "2025.06.13"]
[Round "10.54"]
[White "Omarov, Murat"]
[Black "Morea, Georgiana-Steluta"]
[Result "1-0"]
[WhiteElo "1918"]
[BlackElo "1929"]
[EventDate "2025.06.11"]

1. e4 c5 2. Nc3 Nc6 3. f4 d6 4. Nf3 g6 5. Bb5 Bd7 6. O-O Bg7 7. Kh1 e6 8.
d3 Nge7 9. Qe1 O-O 10. a4 Nd4 11. Qf2 Nxb5 12. axb5 b6 13. Bd2 Qe8 14. Qh4
f5 15. Rae1 h6 16. Rg1 Qf7 17. h3 Rae8 18. g4 e5 19. gxf5 gxf5 20. Qxh6 Qf6
21. Rxg7+ Qxg7 22. Rg1 Rf7 23. Qxd6 1-0